Taylor Swift Singles - Statistics

General Stats
  • This quiz has been taken 242 times
  • The average score is 44 of 62
Answer Stats
Song % Correct
Love Story
95%
Love Story (Taylor's Version)
95%
Ours
95%
Me!
93%
Our Song
93%
Tim McGraw
93%
You Belong With Me
93%
Cardigan
91%
Look What You Made Me Do
91%
Blank Space
90%
Shake it Off
90%
Lover
88%
We Are Never Ever Getting Back Together
88%
Mine
87%
Ready For It
87%
22
86%
Delicate
86%
Willow
86%
You Need to Calm Down
86%
Fearless
85%
I Knew You Were Trouble
85%
Picture to Burn
85%
Red
85%
Style
85%
Wildest Dreams
84%
Teardrops on My Guitar
83%
End Game
82%
Bad Blood
81%
Mean
81%
I Don't Wanna Live Forever
79%
Back to December
77%
Out of the Woods
77%
White Horse
76%
The Man
75%
Betty
74%
New Romantics
73%
Should've Said No
73%
Fifteen
72%
Exile
71%
Sparks Fly
70%
The 1
68%
No Body, No Crime
66%
Getaway Car
63%
The Story of Us
62%
Everything Has Changed
61%
Begin Again
57%
Mr. Perfectly Fine
57%
Babe
51%
Renegade
50%
Gasoline
49%
New Year's Day
49%
The Last Time
43%
Coney Island
42%
Highway Don't Care
42%
Both of Us
39%
Half Of My Heart
35%
Safe and Sound
35%
Two Is Better Than One
35%
Eyes Open
32%
Ronan
27%
Christmas Tree Farm
25%
Today Was a Fairytale
21%
No matching quizzes found
Score Distribution
Percent of People with Each Score
Percentile by Number Answered
Your Score History
You have not taken this quiz